• 首页
  • 本馆介绍
  • 公告通知
  • 最新文献
  • 馆藏检索
  • 电子资源
  • 读者导购
  • 参考咨询
  • 我的图书馆
  • 登录
  • 详细信息显示
  • 放入我的书架
  • 预约/预借图书
  • 作者相关作品
  • 分类相关作品
  • 丛书相关作品
  • 出版社相关作品

书目信息

  • 表格格式
  • 工作单格式
  • 卡片格式
题名:
应用光学
    
 
作者: 张以谟 主编
分册:  
出版信息: 北京   电子工业出版社  2015
页数: 609页
开本: 26cm
丛书名:
单 册:
中图分类: O439
科图分类:
主题词: 应用光学--教材--高等学校 , 应用光学--教材--高等学校
电子资源:
ISBN: 978-7-121-25146-7
000 01139nam0 2200265 450
001 4030
001 01XX11338859@CSLN
005 20161212164834.50
010    @a978-7-121-25146-7@dCNY75.00
100    @a20150429d2015 em y0chiy50 ea
101 0  @achi
102    @aCN@b110000
105    @aa z 000yy
200 1  @a应用光学@9ying yong guang xue@f张以谟主编
205    @a4版
210    @a北京@c电子工业出版社@d2015
215    @a609页@c图@d26cm
300    @a光电信息科学与工程类专业规划教材
330    @a本书分为几何光学、像差理论、典型光学系统和光学系统设计四部分,各部分均反映了光学与光电子学的进展和光学系统设计的新发展。其中,几何光学和像差理论详细讲述了光学系统设计基本理论;典型光学系统包括眼睛,显微和望远光学系统,摄影和投影光学系统,自由曲面及其在光学系统中的应用,以及特殊光学系统,包含了当前最新的光学系统;光学设计部分包括光学系统初始结构求解、像质评价和像差平衡,并辅以光学设计实例。
606 0  @a应用光学@j教材@x高等学校
606    @a应用光学@j教材@x高等学校
690    @aO439@v5
701  0 @a张以谟@9zhang yi mo@f(1933~)@4主编
801  0 @aCN@b大连网信软件有限公司图书馆·11@c20161212
905    @aZUCC@dO439@e48=4
    
    应用光学/张以谟主编.-4版.-北京:电子工业出版社,2015
    609页:图;26cm
    光电信息科学与工程类专业规划教材
    
    ISBN 978-7-121-25146-7:CNY75.00
    本书分为几何光学、像差理论、典型光学系统和光学系统设计四部分,各部分均反映了光学与光电子学的进展和光学系统设计的新发展。其中,几何光学和像差理论详细讲述了光学系统设计基本理论;典型光学系统包括眼睛,显微和望远光学系统,摄影和投影光学系统,自由曲面及其在光学系统中的应用,以及特殊光学系统,包含了当前最新的光学系统;光学设计部分包括光学系统初始结构求解、像质评价和像差平衡,并辅以光学设计实例。
●
相关链接 在E读中查询图书 在五车中查询图书 在当当中查询图书 在豆瓣中查询图书


正题名:应用光学     索取号:O439/48=4         预约/预借

序号 登录号 条形码 馆藏地/架位号 状态 备注
1 910247   209102479   第二样本阅览室/ [索取号:O439/48=4] 在馆    
2 910248   209102488   密集书库-物理学院/ [索取号:O439/48=4] 在馆    
3 910249   209102497   第三借阅区/ [索取号:O439/48=4] 在馆    
4 910250   209102503   第三借阅区/ [索取号:O439/48=4] 在馆    
唐山师范学院图书馆 欢迎您!
大连网信软件有限公司© 版权所有